Aligarh movement: its origin and development, 1858-1906 (Record no. 371610)

000 -LEADER
fixed length control field 00353cam a22001217a 4500
008 - FIXED-LENGTH DATA ELEMENTS--GENERAL INFORMATION
fixed length control field 180718b1965 xxu||||| |||| 00| 0 eng d
082 ## - DEWEY DECIMAL CLASSIFICATION NUMBER
Classification number B1243x54 J199
100 ## - MAIN ENTRY--PERSONAL NAME
Personal name Jain, M.S.
245 ## - TITLE STATEMENT
Title Aligarh movement: its origin and development, 1858-1906
Statement of responsibility, etc. by M.S. Jain
260 ## - PUBLICATION, DISTRIBUTION, ETC.
Place of publication, distribution, etc. Agra
Name of publisher, distributor, etc. Sri Ram Mehra
Date of publication, distribution, etc. 1965
300 ## - PHYSICAL DESCRIPTION
Extent 201p.
650 ## - SUBJECT ADDED ENTRY--TOPICAL TERM
Topical term or geographic name entry element Mohammedans in India
Holdings
Withdrawn status Lost status Damaged status Not for loan Permanent Location Current Location Date acquired Total Checkouts Full call number Barcode Checked out Date last seen Date last checked out Price effective from Koha item type
        Indian Institute of Public Administration Indian Institute of Public Administration 1994-06-10 1 B1243x54 J199 38839 2019-10-14 2019-10-14 2019-10-14 2018-07-21 Book

Powered by Koha